[Event "Men's Championship of Saratov region 2013"]
[Site "Saratov"]
[Date "2013.06.04"]
[Round "5.8"]
[White "Velichko, Tatiana"]
[Black "Upolovnev, Vladimir"]
[Result "1-0"]
[WhiteElo "1862"]
[BlackElo "1893"]
[PlyCount "79"]
[EventDate "2013.06.01"]

1. e4 e5 2. Nf3 Nc6 3. Nc3 Nf6 4. d4 Bb4 5. dxe5 Nxe4 6. Qd3 d5 7. exd6 Nxd6 8.
Bg5 f6 9. Bd2 Qe7+ 10. Qe2 Be6 11. a3 Ba5 12. Ne4 Bxd2+ 13. Nfxd2 Nxe4 14. Qxe4
O-O-O 15. O-O-O Rd4 16. Qe3 a6 17. Qc3 Qd7 18. Be2 Nb8 19. Nc4 Rxd1+ 20. Rxd1
Qc6 21. Qe3 Bf5 22. Bd3 Bxd3 23. Qxd3 Re8 24. Na5 Qe4 25. Qh3+ Re6 26. Nb3 f5
27. Qxh7 Qe5 28. Nd4 Re8 29. Nxf5 b6 30. Qh3 Qf4+ 31. Kb1 Kb7 32. Nxg7 Re2 33.
Qd3 Rxf2 34. Qd5+ c6 35. Qd3 Qf7 36. Qg3 Re2 37. Qg4 Qf2 38. Qg6 b5 39. Ne6 Kb6
40. Qg8 1-0

[Event "Men's Championship of Saratov region 2013"]
[Site "Saratov"]
[Date "2013.06.04"]
[Round "5.10"]
[White "Sokolov, Denis"]
[Black "Tatarinov, Andrey"]
[Result "0-1"]
[WhiteElo "1652"]
[BlackElo "1743"]
[PlyCount "68"]
[EventDate "2013.06.01"]

1. d4 f5 2. c4 Nf6 3. Bg5 e6 4. Nf3 d5 5. c5 b6 6. cxb6 axb6 7. e3 Ba6 8. Qa4+
Qd7 9. Qxd7+ Nbxd7 10. Bxa6 Rxa6 11. O-O Ne4 12. Bf4 Bd6 13. Bxd6 Nxd6 14. Rc1
Ra7 15. Nbd2 Ke7 16. Ne5 Nxe5 17. dxe5 Ne4 18. Nb3 c5 19. h4 g6 20. f3 Ng3 21.
Kf2 Nh5 22. a3 f4 23. Rc3 fxe3+ 24. Rxe3 Nf4 25. g3 d4 26. gxf4 dxe3+ 27. Kxe3
Rd8 28. Nd2 Rad7 29. Ne4 Rd3+ 30. Kf2 Rb3 31. Rb1 Rdd3 32. Kg3 Rxf3+ 33. Kg4
Rfe3 34. Nc3 Rexc3 0-1

[Event "Men's Championship of Saratov region 2013"]
[Site "Saratov"]
[Date "2013.06.04"]
[Round "5.11"]
[White "Baitzurov, Denis"]
[Black "Gagarkine, Nikolay"]
[Result "1-0"]
[WhiteElo "2093"]
[BlackElo "1916"]
[PlyCount "83"]
[EventDate "2013.06.01"]

1. d4 d5 2. c4 Nf6 3. cxd5 Qxd5 4. Nc3 Qd8 5. e4 g6 6. Nf3 Bg7 7. Bc4 O-O 8.
O-O c6 9. h3 b5 10. Bd3 b4 11. Ne2 Ba6 12. Be3 Bxd3 13. Qxd3 a5 14. Rac1 Nfd7
15. Rfd1 Qc7 16. Qc2 Qb7 17. Bg5 f6 18. Bf4 e5 19. dxe5 Nxe5 20. Ned4 Qf7 21.
b3 Nxf3+ 22. Nxf3 a4 23. bxa4 c5 24. Qb3 Qxb3 25. axb3 Na6 26. Rd5 Rfc8 27. Bd6
Bf8 28. Bxf8 Rxf8 29. e5 Rfd8 30. Rcd1 Rxd5 31. Rxd5 Kf7 32. Rd6 fxe5 33. Nxe5+
Kg7 34. f4 Ra7 35. Rc6 Kf8 36. Kf2 Ke8 37. Rc8+ Ke7 38. Nc6+ Kd7 39. Nxa7 Nc7
40. Rh8 c4 41. bxc4 b3 42. Rb8 1-0

[Event "Men's Championship of Saratov region 2013"]
[Site "Saratov"]
[Date "2013.06.05"]
[Round "6.1"]
[White "Zhdanov, Petr"]
[Black "Biryukov, Dmitriy"]
[Result "1/2-1/2"]
[WhiteElo "2025"]
[BlackElo "2272"]
[PlyCount "134"]
[EventDate "2013.06.01"]

1. e4 d6 2. d4 g6 3. Nc3 Bg7 4. Be3 c6 5. Qd2 Nd7 6. Nf3 Qc7 7. a4 Ngf6 8. h3
O-O 9. Bd3 e5 10. O-O Re8 11. Bc4 Nxe4 12. Nxe4 d5 13. Ba2 dxe4 14. Ng5 Re7 15.
Rfe1 Nf8 16. Nxe4 Ne6 17. dxe5 Bxe5 18. Nc3 b6 19. Bh6 Ba6 20. Bxe6 Rxe6 21.
Rad1 Rd6 22. Qe3 Re6 23. Qf3 Rae8 24. Re3 f5 25. Rde1 Qd7 26. Bf4 Bf6 27. g4
Rxe3 28. Rxe3 Rxe3 29. Bxe3 Bxc3 30. bxc3 fxg4 31. hxg4 Bc8 32. g5 c5 33. a5
Bb7 34. Qf4 Qc6 35. Qb8+ Kf7 36. Qf4+ Kg7 37. Qe5+ Kg8 38. Qb8+ Qc8 39. Qxc8+
Bxc8 40. axb6 axb6 41. Kf1 Bf5 42. Ke2 Bxc2 43. Kd2 Bb3 44. Kd3 Kf7 45. Bf4 Ke6
46. Bc7 b5 47. Bb6 Kf5 48. Bxc5 Kxg5 49. Ke2 Kg4 50. Kf1 Kf3 51. Kg1 h5 52. Be7
Ke4 53. Bf6 Bd5 54. Be7 Kd3 55. Bf6 g5 56. Kh2 Be6 57. Kg3 h4+ 58. Kh2 h3 59.
Kg1 Kd2 60. Be5 g4 61. Bf6 Kd3 62. Be5 Ke2 63. Bd6 Bd5 64. Be5 Kf3 65. Bd4 Kf4
66. Bf6 Ke4 67. Bg7 Kf3 1/2-1/2

[Event "Men's Championship of Saratov region 2013"]
[Site "Saratov"]
[Date "2013.06.05"]
[Round "6.2"]
[White "Karpenko, Artem"]
[Black "Guliev, Gasan"]
[Result "1/2-1/2"]
[WhiteElo "2043"]
[BlackElo "1985"]
[PlyCount "121"]
[EventDate "2013.06.01"]

1. e4 c5 2. Nf3 g6 3. Bc4 Bg7 4. O-O Nc6 5. c3 e6 6. Re1 Nge7 7. d4 cxd4 8.
cxd4 d5 9. exd5 exd5 10. Bb3 O-O 11. Nc3 Be6 12. Bg5 h6 13. Bxe7 Nxe7 14. Ne5
Qd6 15. Rc1 Rac8 16. Qd2 Kh7 17. f4 Bf6 18. Bd1 g5 19. Bc2+ Kg7 20. Rf1 Bf5 21.
Bxf5 Nxf5 22. Qd3 Ne7 23. fxg5 Bxg5 24. Rce1 Ng6 25. Nxf7 Rxc3 26. bxc3 Rxf7
27. Rxf7+ Kxf7 28. g3 Kg7 29. Rf1 Qe6 30. Kg2 Qg4 31. h3 Qe6 32. Rf2 Ne7 33.
Re2 Qd7 34. Qf3 Ng6 35. Kh2 Qd6 36. Rf2 Bf6 37. Re2 b5 38. Qg4 a5 39. Qe6 Qxe6
40. Rxe6 b4 41. cxb4 axb4 42. Rb6 Bxd4 43. Rxb4 Bc3 44. Rb1 d4 45. Kg2 Ne5 46.
Kf2 Nc4 47. Ke2 Nb2 48. Rxb2 Bxb2 49. a4 Bc3 50. Kd3 Kf6 51. a5 Bxa5 52. Kxd4
Kf5 53. Ke3 Bb6+ 54. Kf3 Bc7 55. Kg2 Ke4 56. h4 h5 57. Kh3 Kf5 58. Kh2 Kg4 59.
Kg2 Bxg3 60. Kg1 Bxh4 61. Kh2 1/2-1/2

[Event "Men's Championship of Saratov region 2013"]
[Site "Saratov"]
[Date "2013.06.05"]
[Round "6.3"]
[White "Kvitka, Roman"]
[Black "Velichko, Tatiana"]
[Result "0-1"]
[WhiteElo "2164"]
[BlackElo "1862"]
[PlyCount "64"]
[EventDate "2013.06.01"]

1. e4 c5 2. Nf3 d6 3. d4 cxd4 4. Nxd4 Nf6 5. Nc3 g6 6. Be3 Bg7 7. f3 O-O 8. Qd2
Nc6 9. O-O-O Bd7 10. h4 h5 11. Kb1 Rc8 12. Nb3 Ne5 13. Bh6 Nc4 14. Bxc4 Rxc4
15. Bxg7 Kxg7 16. Rhe1 b5 17. Qg5 Nh7 18. Qe3 b4 19. Nd5 e6 20. Nf4 Qc7 21. Rd2
a5 22. Red1 a4 23. Rxd6 Bc8 24. Nd4 e5 25. Nxh5+ gxh5 26. Qh6+ Kg8 27. Nf5 Bxf5
28. exf5 Rxc2 29. g4 Rc8 30. f6 Rxb2+ 31. Kxb2 a3+ 32. Kb3 Qc2+ 0-1

[Event "Men's Championship of Saratov region 2013"]
[Site "Saratov"]
[Date "2013.06.05"]
[Round "6.4"]
[White "Kruzhilin, Aleksey"]
[Black "Smirnov, Alexandr A"]
[Result "1-0"]
[WhiteElo "1957"]
[BlackElo "2155"]
[PlyCount "81"]
[EventDate "2013.06.01"]

1. Nf3 g6 2. e4 c5 3. c4 Bg7 4. d4 cxd4 5. Nxd4 Nc6 6. Be3 d6 7. Nc3 Nh6 8. Be2
O-O 9. O-O f5 10. f3 f4 11. Bf2 Nf7 12. Qd2 Nfe5 13. Nd5 g5 14. Rab1 e6 15. Nc3
Rf6 16. Ndb5 Bf8 17. Rfd1 Nf7 18. Qc2 a6 19. Na3 Qe8 20. Qd2 Rh6 21. Nc2 Nfe5
22. Nd4 Qh5 23. h3 Qf7 24. a3 Rg6 25. b4 h5 26. Nxc6 Nxc6 27. Na4 Ne5 28. Bd4
g4 29. hxg4 hxg4 30. Bxe5 gxf3 31. Bxf3 dxe5 32. Nb6 Rb8 33. Qd8 Rg3 34. Rb3
Bd7 35. Qxd7 Qf6 36. Qc7 Re8 37. Nd7 Qf7 38. Qxe5 Bg7 39. Qh5 Qe7 40. e5 Rd8
41. Rbd3 1-0

[Event "Men's Championship of Saratov region 2013"]
[Site "Saratov"]
[Date "2013.06.05"]
[Round "6.5"]
[White "Borisovsky, Viktor"]
[Black "Kavyev, Ruslan"]
[Result "1-0"]
[WhiteElo "2152"]
[BlackElo "1835"]
[PlyCount "91"]
[EventDate "2013.06.01"]

1. d4 Nf6 2. c4 c5 3. e3 g6 4. Nf3 Bg7 5. Nc3 O-O 6. d5 d6 7. Be2 Nbd7 8. O-O
Ne8 9. e4 a6 10. a4 Rb8 11. Qc2 Ne5 12. Rb1 Nxf3+ 13. Bxf3 a5 14. Bf4 Nf6 15.
Rbe1 Nd7 16. Be2 Ne5 17. Bg3 Bd7 18. f4 Ng4 19. Bxg4 Bxg4 20. h3 Bd7 21. e5 Bf5
22. Qd1 Qd7 23. Kh2 h5 24. Nb5 Rbe8 25. Bh4 b6 26. b3 Kh7 27. Rg1 Qc8 28. exd6
exd6 29. Be7 Rxe7 30. Rxe7 Qd8 31. Rge1 Be5 32. fxe5 Qxe7 33. Nxd6 Qg5 34. Qf3
Qh4 35. Rf1 Bd7 36. Nxf7 Kg7 37. e6 Be8 38. Qc3+ Qd4 39. Qxd4+ cxd4 40. d6 Bxf7
41. Rxf7+ Rxf7 42. d7 Rf8 43. e7 Kf7 44. exf8=Q+ Kxf8 45. d8=Q+ Kf7 46. Qxd4
1-0

[Event "Men's Championship of Saratov region 2013"]
[Site "Saratov"]
[Date "2013.06.05"]
[Round "6.6"]
[White "Berezhnov, Dmitry"]
[Black "Palin, Denis"]
[Result "1-0"]
[WhiteElo "1938"]
[BlackElo "2145"]
[PlyCount "97"]
[EventDate "2013.06.01"]

1. d4 e6 2. c4 f5 3. Nc3 Nf6 4. e3 d5 5. Qc2 c6 6. Bd3 Bd6 7. f3 O-O 8. Nge2 a6
9. O-O b5 10. cxd5 cxd5 11. e4 fxe4 12. fxe4 Ng4 13. Bf4 Bxf4 14. Rxf4 Rxf4 15.
Nxf4 dxe4 16. Nxe4 Qxd4+ 17. Kh1 Bb7 18. Qe2 Ne5 19. Rd1 Nbd7 20. Nf6+ Kh8 21.
Be4 Qb4 22. Bxb7 gxf6 23. Bxa8 Qxf4 24. Qe4 Qxe4 25. Bxe4 Nc5 26. Bc2 a5 27.
Rd8+ Kg7 28. Rc8 Ned7 29. Rc7 f5 30. Bd3 Kf6 31. Bxb5 Ke7 32. Bxd7 Nxd7 33. Ra7
e5 34. Rxa5 Ke6 35. g3 e4 36. Kg2 Ne5 37. Rxe5+ Kxe5 38. Kf2 Kd4 39. Ke2 h5 40.
a4 h4 41. a5 hxg3 42. hxg3 Kc5 43. b4+ Kb5 44. Ke3 Ka6 45. g4 fxg4 46. Kxe4 Kb5
47. Kf4 g3 48. Kxg3 Kxb4 49. a6 1-0

[Event "Men's Championship of Saratov region 2013"]
[Site "Saratov"]
[Date "2013.06.05"]
[Round "6.7"]
[White "Tatarinov, Andrey"]
[Black "Nurdinov, Iliya"]
[Result "0-1"]
[WhiteElo "1743"]
[BlackElo "1951"]
[PlyCount "54"]
[EventDate "2013.06.01"]

1. d4 f5 2. f4 Nf6 3. Nf3 e6 4. e3 Be7 5. Bd3 b6 6. Nbd2 O-O 7. e4 d5 8. e5 Ne4
9. Qe2 c5 10. c3 Nc6 11. O-O cxd4 12. Nxd4 Nxd4 13. cxd4 a6 14. b3 b5 15. Bb2
Qb6 16. Rac1 Bd7 17. Rc2 Rac8 18. Rfc1 Rxc2 19. Rxc2 a5 20. h3 b4 21. g4 Nc3
22. Qe3 Nd1 23. Qf3 Nxb2 24. Rxb2 Qxd4+ 25. Kh1 Qxb2 26. gxf5 Qxd2 27. f6 Bxf6
0-1

[Event "Men's Championship of Saratov region 2013"]
[Site "Saratov"]
[Date "2013.06.05"]
[Round "6.8"]
[White "Bolychevsky, Alexander"]
[Black "Vdovin, Sergey"]
[Result "0-1"]
[WhiteElo "1856"]
[BlackElo "1675"]
[PlyCount "150"]
[EventDate "2013.06.01"]

1. Nf3 d5 2. g3 Nf6 3. Bg2 e6 4. O-O c5 5. c4 Nc6 6. d4 Be7 7. Nc3 O-O 8. dxc5
Bxc5 9. cxd5 Nxd5 10. Nxd5 exd5 11. Qc2 Be7 12. Rd1 Be6 13. e3 Rc8 14. Qb3 Na5
15. Qd3 Nc4 16. Nd4 Bg4 17. Rf1 Qd7 18. Nf3 Bf6 19. Nd4 Rfd8 20. b3 Ne5 21. Qd2
Nf3+ 22. Bxf3 Bxf3 23. Nxf3 Bxa1 24. Ba3 Bf6 25. Rd1 Qf5 26. Nd4 Bxd4 27. Qxd4
Rc2 28. e4 Qf3 29. Bb2 Qg4 30. Re1 f6 31. a3 Qd7 32. exd5 Kf7 33. Rd1 b6 34. a4
Qd6 35. Bc3 Qc5 36. Qxc5 bxc5 37. Ba5 Rd7 38. d6 Ke6 39. Bc7 Rc3 40. Rb1 Kd5
41. Kf1 Kc6 42. Rb2 g5 43. Ke2 g4 44. Kd2 Rf3 45. Kc1 Rf7 46. Kd1 f5 47. Ke1 f4
48. b4 cxb4 49. Rxb4 fxg3 50. fxg3 h5 51. Re4 Rf1+ 52. Kd2 R7f2+ 53. Re2 Rxe2+
54. Kxe2 Rf3 55. a5 Ra3 56. Kf2 Ra2+ 57. Kg1 Rd2 58. Bb8 a6 59. Bc7 Kd7 60. Bb8
Rxd6 61. Bxd6 Kxd6 62. Kf2 Kc5 63. Ke3 Kb5 64. Kf4 Kxa5 65. Kg5 Kb5 66. Kxh5 a5
67. Kxg4 a4 68. h4 a3 69. h5 a2 70. Kf5 a1=Q 71. h6 Kc6 72. Kg6 Qh8 73. h7 Kd6
74. g4 Ke7 75. Kg5 Qg7+ 0-1

[Event "Men's Championship of Saratov region 2013"]
[Site "Saratov"]
[Date "2013.06.05"]
[Round "6.9"]
[White "Kavyev, Emil"]
[Black "Upolovnev, Vladimir"]
[Result "1-0"]
[WhiteElo "1691"]
[BlackElo "1893"]
[PlyCount "55"]
[EventDate "2013.06.01"]

1. e4 e5 2. Nf3 c6 3. Nc3 d6 4. d4 Nd7 5. Bc4 Be7 6. h4 h6 7. g4 b5 8. Bb3 b4
9. Ne2 Ngf6 10. Qd3 Nxg4 11. Rg1 Ndf6 12. Bd2 Qb6 13. Ng3 Ba6 14. Bc4 Bxc4 15.
Qxc4 d5 16. Qd3 exd4 17. e5 Nd7 18. Nf5 Ngxe5 19. Nxe5 Nxe5 20. Nxg7+ Kd8 21.
Qf5 Nd7 22. O-O-O b3 23. axb3 f6 24. Ne6+ Kc8 25. Rg7 Bd6 26. Rxd7 Kxd7 27.
Nc5+ Ke8 28. Qd7+ 1-0

[Event "Men's Championship of Saratov region 2013"]
[Site "Saratov"]
[Date "2013.06.05"]
[Round "6.11"]
[White "Baitzurov, Denis"]
[Black "Sokolov, Denis"]
[Result "1-0"]
[WhiteElo "2093"]
[BlackElo "1652"]
[PlyCount "81"]
[EventDate "2013.06.01"]

1. d4 d5 2. c4 c6 3. Nc3 e6 4. Nf3 f5 5. Bg5 Be7 6. Bxe7 Qxe7 7. e3 Nf6 8. Qc2
Ne4 9. Bd3 Nd7 10. O-O Ndf6 11. Rab1 O-O 12. b4 b6 13. Ne5 Bb7 14. cxd5 cxd5
15. f3 Nxc3 16. Qxc3 Rfc8 17. Qb2 Nd7 18. Nxd7 Qxd7 19. Rfc1 Qe7 20. a3 Qg5 21.
f4 Qd8 22. a4 Rxc1+ 23. Rxc1 Rc8 24. Rxc8 Qxc8 25. a5 bxa5 26. bxa5 Ba6 27. Qc2
Kf7 28. Qxc8 Bxc8 29. Kf2 Ke7 30. Ke2 h6 31. Kd2 a6 32. Kc3 Kd6 33. Kb4 Bb7 34.
Be2 Bc8 35. Bh5 Bd7 36. Be2 Bc8 37. h3 g5 38. g3 Bb7 39. fxg5 hxg5 40. h4 gxh4
41. gxh4 1-0

[Event "Men's Championship of Saratov region 2013"]
[Site "Saratov"]
[Date "2013.06.06"]
[Round "7.1"]
[White "Biryukov, Dmitriy"]
[Black "Berezhnov, Dmitry"]
[Result "1-0"]
[WhiteElo "2272"]
[BlackElo "1938"]
[PlyCount "87"]
[EventDate "2013.06.01"]

1. e4 c6 2. d4 d5 3. Nd2 dxe4 4. Nxe4 Bf5 5. Ng3 Bg6 6. Nf3 Nd7 7. Bc4 e6 8.
O-O Ngf6 9. Re1 Be7 10. Nh4 O-O 11. Nxg6 hxg6 12. a3 Nb6 13. Ba2 Qc7 14. Qf3
Rfe8 15. c4 c5 16. Bf4 Qc6 17. Qxc6 bxc6 18. Rad1 cxd4 19. Rxd4 Rad8 20. Be3 c5
21. Rxd8 Rxd8 22. h3 Na4 23. b3 Nc3 24. Bb1 Nxb1 25. Rxb1 a5 26. a4 Rd7 27. Kf1
Kf8 28. Ke2 Ke8 29. Bd2 Bd8 30. Bc3 Bc7 31. Bxf6 Bxg3 32. Bxg7 Bc7 33. Bc3 f5
34. f3 Rh7 35. Be1 Kd7 36. Rd1+ Kc6 37. h4 g5 38. hxg5 f4 39. Bc3 Rh5 40. Bf6
Bd6 41. g6 Rh6 42. g7 Rg6 43. Rh1 Rxg2+ 44. Kf1 1-0

[Event "Men's Championship of Saratov region 2013"]
[Site "Saratov"]
[Date "2013.06.06"]
[Round "7.2"]
[White "Kruzhilin, Aleksey"]
[Black "Borisovsky, Viktor"]
[Result "0-1"]
[WhiteElo "1957"]
[BlackElo "2152"]
[PlyCount "106"]
[EventDate "2013.06.01"]

1. Nf3 f5 2. g3 Nf6 3. Bg2 e6 4. c4 c6 5. O-O d5 6. d3 Be7 7. Nc3 O-O 8. cxd5
cxd5 9. e3 Bd7 10. b3 Nc6 11. Bb2 Be8 12. Ne2 Bh5 13. Nf4 Bxf3 14. Bxf3 Qd7 15.
Re1 Bb4 16. Rf1 Rad8 17. a3 Ba5 18. b4 Bc7 19. Qb3 Kh8 20. Rfd1 e5 21. Ne2 Qf7
22. Rac1 Bb8 23. b5 Ne7 24. a4 Ng6 25. Ba3 Rfe8 26. e4 f4 27. Nc3 Rd7 28. exd5
Ne7 29. Bxe7 Rdxe7 30. Ne4 fxg3 31. hxg3 Nxd5 32. Ng5 Qf5 33. Bxd5 Qxg5 34. Be4
Bc7 35. Kg2 Bb6 36. Rc4 Rf8 37. Rc2 Ref7 38. Rf1 g6 39. Qb4 h5 40. Qd6 Kg7 41.
Qe6 h4 42. Qh3 Rf4 43. f3 Rh8 44. Qd7+ Rf7 45. Qh3 Be3 46. Rh1 Bf4 47. g4 Bg3
48. Re2 Rc8 49. Rd1 Qf4 50. Qh1 Rfc7 51. Qg1 Rc2 52. Qf1 h3+ 53. Kh1 Rc1 0-1

[Event "Men's Championship of Saratov region 2013"]
[Site "Saratov"]
[Date "2013.06.06"]
[Round "7.3"]
[White "Velichko, Tatiana"]
[Black "Karpenko, Artem"]
[Result "0-1"]
[WhiteElo "1862"]
[BlackElo "2043"]
[PlyCount "46"]
[EventDate "2013.06.01"]

1. e4 e6 2. d4 d5 3. Nd2 Be7 4. Ngf3 Nf6 5. Bd3 c5 6. Bb5+ Bd7 7. Bxd7+ Qxd7 8.
exd5 Qxd5 9. c4 Qh5 10. Qb3 b6 11. Qa4+ Nbd7 12. Ne5 cxd4 13. Ndf3 Bb4+ 14. Kd1
Bd6 15. g4 Qh3 16. g5 Bxe5 17. Nxe5 O-O 18. gxf6 Nxe5 19. Qb3 d3 20. Be3 Qf3+
21. Kd2 Nxc4+ 22. Kxd3 Ne5+ 23. Kc3 Rfc8+ 0-1

[Event "Men's Championship of Saratov region 2013"]
[Site "Saratov"]
[Date "2013.06.06"]
[Round "7.4"]
[White "Guliev, Gasan"]
[Black "Zhdanov, Petr"]
[Result "1-0"]
[WhiteElo "1985"]
[BlackElo "2025"]
[PlyCount "55"]
[EventDate "2013.06.01"]

1. e4 c5 2. Nf3 d6 3. d4 cxd4 4. Nxd4 Nf6 5. Nc3 g6 6. Be3 Bg7 7. f3 O-O 8. Qd2
Nc6 9. Bc4 Bd7 10. O-O-O Rc8 11. Bb3 Nxd4 12. Bxd4 b5 13. h4 a5 14. h5 a4 15.
Bxf6 exf6 16. Bd5 b4 17. Ne2 b3 18. axb3 axb3 19. Bxb3 Qb6 20. Nc3 f5 21. hxg6
Qa7 22. Qxd6 Qa1+ 23. Kd2 Bxc3+ 24. bxc3 Qxc3+ 25. Ke2 Bb5+ 26. Kf2 Bc4 27. e5
fxg6 28. Rd3 1-0

[Event "Men's Championship of Saratov region 2013"]
[Site "Saratov"]
[Date "2013.06.06"]
[Round "7.5"]
[White "Nurdinov, Iliya"]
[Black "Kavyev, Emil"]
[Result "1-0"]
[WhiteElo "1951"]
[BlackElo "1691"]
[PlyCount "63"]
[EventDate "2013.06.01"]

1. d4 Nf6 2. Nf3 g6 3. Bg5 Bg7 4. e3 O-O 5. c3 d5 6. Nbd2 Bf5 7. Qb3 b6 8. c4
Be6 9. Rc1 Nc6 10. Bxf6 Bxf6 11. c5 bxc5 12. Rxc5 Qd6 13. Qc3 Nb8 14. Nb3 c6
15. Be2 Rc8 16. Na5 a6 17. O-O Ra7 18. Rc1 Rac7 19. Nb3 Bg4 20. Nbd2 e5 21.
dxe5 Bxe5 22. Qxe5 Qxe5 23. Nxe5 Bxe2 24. Nb3 f6 25. Nf3 Bxf3 26. gxf3 Nd7 27.
Ra5 Ra7 28. Rxd5 cxd5 29. Rxc8+ Kf7 30. Nd4 Nf8 31. Nc6 Rb7 32. Nd8+ 1-0

[Event "Men's Championship of Saratov region 2013"]
[Site "Saratov"]
[Date "2013.06.06"]
[Round "7.6"]
[White "Vdovin, Sergey"]
[Black "Kvitka, Roman"]
[Result "0-1"]
[WhiteElo "1675"]
[BlackElo "2164"]
[PlyCount "68"]
[EventDate "2013.06.01"]

1. e4 e5 2. Nf3 Nc6 3. Bc4 Bc5 4. O-O Nf6 5. d3 d6 6. Bb3 h6 7. c3 O-O 8. Nbd2
a6 9. Nc4 Ba7 10. Ne3 Ne7 11. Nh4 Kh7 12. Bc2 g5 13. Nf3 Ng6 14. d4 Ng8 15. Nf5
f6 16. h4 gxh4 17. N3xh4 Nxh4 18. Nxh4 Qe7 19. f4 Bd7 20. f5 Be8 21. Be3 Qg7
22. Kf2 Rd8 23. Rh1 d5 24. Rh3 dxe4 25. Bxe4 exd4 26. cxd4 Qd7 27. Rc1 c6 28.
Nf3 Qg7 29. Ng5+ fxg5 30. f6+ Kh8 31. g4 Nxf6 32. Bf5 Bd7 33. Qf3 Nxg4+ 34.
Qxg4 Bxf5 0-1

[Event "Men's Championship of Saratov region 2013"]
[Site "Saratov"]
[Date "2013.06.06"]
[Round "7.7"]
[White "Smirnov, Alexandr A"]
[Black "Baitzurov, Denis"]
[Result "1/2-1/2"]
[WhiteElo "2155"]
[BlackElo "2093"]
[PlyCount "82"]
[EventDate "2013.06.01"]

1. e4 c6 2. d4 d5 3. e5 Bf5 4. Nf3 e6 5. Be2 c5 6. O-O Nc6 7. Be3 cxd4 8. Nxd4
Nge7 9. f4 Nxd4 10. Qxd4 Nc6 11. Qa4 h6 12. c4 d4 13. Rd1 Bc5 14. b4 Bxb4 15.
Bf3 Qb6 16. Bxd4 Bc5 17. Bxc5 Qxc5+ 18. Kh1 O-O 19. Nc3 Rfd8 20. Nb5 Nd4 21.
Nxd4 Rxd4 22. Rxd4 Qxd4 23. Rd1 Qxf4 24. Bxb7 Rf8 25. Qxa7 Qxc4 26. Bf3 Be4 27.
Qd4 Qxd4 28. Rxd4 Bxf3 29. gxf3 Ra8 30. a4 f6 31. exf6 gxf6 32. Kg2 e5 33. Rc4
Kf7 34. Kf2 Ke6 35. Ke3 Kd5 36. Kd3 f5 37. Rb4 Ra5 38. h4 h5 39. Kc3 Rc5+ 40.
Kd3 Ra5 41. Rc4 Ra7 1/2-1/2

[Event "Men's Championship of Saratov region 2013"]
[Site "Saratov"]
[Date "2013.06.06"]
[Round "7.8"]
[White "Palin, Denis"]
[Black "Fedukin, Alexandre"]
[Result "1-0"]
[WhiteElo "2145"]
[BlackElo "1862"]
[PlyCount "129"]
[EventDate "2013.06.01"]

1. c4 Nf6 2. Nc3 e5 3. g3 d5 4. cxd5 Nxd5 5. Bg2 Nb6 6. e3 c6 7. Nge2 Bg4 8.
O-O Be7 9. f4 exf4 10. Rxf4 h5 11. h3 Be6 12. Nd4 Bd7 13. Nf5 Bxf5 14. Rxf5 g6
15. Rf1 O-O 16. d4 h4 17. g4 Bf6 18. b3 Nd5 19. Nxd5 cxd5 20. Qf3 Nd7 21. Qxd5
Qe7 22. Qe4 Qd6 23. Qf4 Qe7 24. Bxb7 Bg5 25. Qe4 Qxe4 26. Bxe4 Rae8 27. Bc6 Rd8
28. e4 Be7 29. Be3 Kg7 30. Rac1 Ba3 31. Rc2 Rc8 32. d5 f6 33. Bxa7 Ne5 34. Bd4
Rfd8 35. g5 Be7 36. Rcf2 Kg8 37. gxf6 Nxc6 38. fxe7 Nxe7 39. Bf6 Rd7 40. Bxh4
Nxd5 41. exd5 Rxd5 42. Be7 Kg7 43. h4 Kh6 44. Rf8 Rc6 45. Bg5+ Kh5 46. Kg2 Rc2+
47. R1f2 Rdc5 48. Rxc2 Rxc2+ 49. Rf2 Rc3 50. Bf6 Rd3 51. Rc2 Kg4 52. Rc4+ Kh5
53. Bc3 g5 54. hxg5 Kxg5 55. a4 Kf5 56. a5 Ke6 57. a6 Rd7 58. b4 Ra7 59. b5 Kd5
60. Rc8 Ke4 61. Be1 Rg7+ 62. Bg3 Rg5 63. a7 Rxb5 64. a8=Q+ Kd4 65. Qa4+ 1-0

[Event "Men's Championship of Saratov region 2013"]
[Site "Saratov"]
[Date "2013.06.06"]
[Round "7.9"]
[White "Kavyev, Ruslan"]
[Black "Bolychevsky, Alexander"]
[Result "0-1"]
[WhiteElo "1835"]
[BlackElo "1856"]
[PlyCount "100"]
[EventDate "2013.06.01"]

1. e4 e6 2. d4 d5 3. Nc3 Nf6 4. Bg5 Bb4 5. e5 h6 6. Bd2 Bxc3 7. bxc3 Ne4 8. Qg4
g6 9. Qf4 c5 10. Bd3 Nxd2 11. Qxd2 Qa5 12. f4 c4 13. Be2 Nd7 14. Bf3 Nb6 15.
Ne2 Bd7 16. O-O O-O-O 17. Rfb1 Na4 18. Rb4 Bc6 19. a3 Qc7 20. Ng3 Qe7 21. Nf1
g5 22. g3 gxf4 23. gxf4 Rdg8+ 24. Kh1 Qh4 25. Rbb1 Rg7 26. Qe3 Rhg8 27. Nd2 Nb6
28. Rg1 Rxg1+ 29. Rxg1 Rxg1+ 30. Kxg1 Na4 31. Nf1 Qe7 32. Qc1 Nxc3 33. Qb2 Nb5
34. a4 c3 35. Qb3 Nxd4 36. Qxc3 Nxf3+ 37. Qxf3 Qc5+ 38. Qf2 Qxf2+ 39. Kxf2 Bxa4
40. c3 Bc2 41. Ne3 Bg6 42. Ng4 h5 43. Ne3 Kc7 44. Nd1 Kc6 45. Ke3 Kc5 46. Nb2
b5 47. Kd2 a5 48. Kc1 d4 49. Kd2 dxc3+ 50. Kxc3 Kd5 0-1

[Event "Men's Championship of Saratov region 2013"]
[Site "Saratov"]
[Date "2013.06.06"]
[Round "7.11"]
[White "Upolovnev, Vladimir"]
[Black "Gagarkine, Nikolay"]
[Result "1/2-1/2"]
[WhiteElo "1893"]
[BlackElo "1916"]
[PlyCount "143"]
[EventDate "2013.06.01"]

1. e4 g6 2. d4 Bg7 3. f4 c6 4. Nf3 f6 5. Be3 Nh6 6. Nc3 O-O 7. Bd3 d6 8. Qd2
Nf7 9. h3 b5 10. f5 g5 11. Ne2 e5 12. a4 bxa4 13. dxe5 dxe5 14. Rxa4 Qc7 15.
O-O Nd7 16. Rfa1 a6 17. b3 Bb7 18. Nc3 Rfd8 19. Qe2 a5 20. Nd2 Bf8 21. Kh2 Nc5
22. Bxc5 Bxc5 23. R1a2 Nd6 24. Nd1 Kh8 25. Ne3 Nb5 26. Nd1 Nd4 27. Qf1 Bb6 28.
c3 Nb5 29. b4 axb4 30. Rxa8 Bxa8 31. cxb4 Nd4 32. Ne3 Bb7 33. Nec4 Kg7 34. Nf3
c5 35. Nxb6 Qxb6 36. bxc5 Qxc5 37. Qb1 Nxf3+ 38. gxf3 Bc6 39. Bf1 Qe3 40. Bg2
Rd7 41. Qg1 Qf4+ 42. Kh1 Bb7 43. Qe1 Rc7 44. Ra1 h5 45. Rd1 h4 46. Qb4 Qg3 47.
Qd6 Rf7 48. Qb6 Qf4 49. Kg1 Qg3 50. Rc1 g4 51. fxg4 Bxe4 52. Qf2 Qxf2+ 53. Kxf2
Bxg2 54. Kxg2 Ra7 55. Rc6 Ra3 56. Re6 Rg3+ 57. Kh2 Ra3 58. Kg2 Ra2+ 59. Kg1 Re2
60. g5 fxg5 61. Rg6+ Kf7 62. Rxg5 Kf6 63. Rh5 e4 64. Kf1 Rh2 65. Rxh4 Kxf5 66.
Ke1 Ke5 67. Rh8 Kd4 68. Kf1 Ke3 69. h4 Kf3 70. Rf8+ Kg4 71. Re8 Rh3 72. Kf2
1/2-1/2

[Event "Men's Championship of Saratov region 2013"]
[Site "Saratov"]
[Date "2013.06.07"]
[Round "8.2"]
[White "Borisovsky, Viktor"]
[Black "Karpenko, Artem"]
[Result "0-1"]
[WhiteElo "2152"]
[BlackElo "2043"]
[PlyCount "80"]
[EventDate "2013.06.01"]

1. d4 d5 2. c4 c6 3. Nc3 Nf6 4. Nf3 a6 5. cxd5 cxd5 6. Bf4 Nc6 7. Rc1 Ne4 8.
Ne5 Nxc3 9. Rxc3 Bd7 10. Qb3 Nxe5 11. Bxe5 Bc6 12. e3 e6 13. Be2 f6 14. Bg3 Be7
15. O-O O-O 16. Rfc1 Qd7 17. a3 Rfc8 18. Qc2 Bd8 19. b4 Qe7 20. Qb3 Qd7 21. Bd3
Bb5 22. Bxb5 axb5 23. Qc2 Rc4 24. f4 f5 25. Qb3 Kf7 26. Be1 g5 27. Qd1 gxf4 28.
Qh5+ Kg8 29. exf4 Bf6 30. Rg3+ Kh8 31. Rd1 Rxd4 32. Qh6 Qf7 33. Rc1 Rc4 34. Rd1
Rg8 35. Rdd3 Rgc8 36. h3 Rc1 37. Rge3 Rg8 38. Kh1 e5 39. Rxd5 exf4 40. Rd7 fxe3
0-1